Intelligent Interactions and Knowledge Discovery in Future Based Advance Computing/ (Record no. 211988)

MARC details
000 -LEADER
fixed length control field 00764nam a22002177a 4500
005 - DATE AND TIME OF LATEST TRANSACTION
control field 20250627141839.0
010 ## - LCCN (DPL NO)
LC control number ENG-145602
020 ## - INTERNATIONAL STANDARD BOOK NUMBER
International Standard Book Number 9789390951673
Terms of availability 650.00
035 ## - SYSTEM CONTROL NUMBER
System control number EN-129134
037 ## - SOURCE OF ACQUISITION
Source of stock number/acquisition DBAD
082 ## - DEWEY DECIMAL CLASSIFICATION NUMBER
Classification number 004.6
Edition number 1
245 ## - TITLE STATEMENT
Title Intelligent Interactions and Knowledge Discovery in Future Based Advance Computing/
Statement of responsibility, etc Edited By Anand Rajavat; A.S. Rathore [and] Sachin Chiragaiya
250 ## - EDITION STATEMENT
Edition statement 1
260 ## - PUBLICATION, DISTRIBUTION, ETC. (IMPRINT)
Place of publication, distribution, etc New Delhi
Name of publisher, distributor, etc Allied Publishers Pvt Ltd.
Date of publication, distribution, etc 2023
270 ## - ADDRESS
Address A-104, Mayapuri, Phase-II
City New Delhi
Postal code 110064
300 ## - PHYSICAL DESCRIPTION
Extent xii, 196p.
Dimensions 24cm.(pb)
700 ## - ADDED ENTRY--PERSONAL NAME
Personal name Rajavat, Anand
Relator term Editor
9 (RLIN) 82425
700 ## - ADDED ENTRY--PERSONAL NAME
Personal name Rathore, A.S.
Relator term Editor
9 (RLIN) 82426
700 ## - ADDED ENTRY--PERSONAL NAME
Personal name Chiragaiya, Sachin
Relator term Editor
9 (RLIN) 82427
942 ## - ADDED ENTRY ELEMENTS (KOHA)
Source of classification or shelving scheme Dewey Decimal Classification
Item type English Books
Classification part 004.6
Call number suffix INT
Holdings
Withdrawn status Lost status Not for loan Collection code Home library Current library Date acquired Source of acquisition Cost, normal purchase price Full call number Barcode Copy number Cost, replacement price Koha item type
      Non-fiction Sarojini Nagar Sarojini Nagar 27/06/2025 Delivery of Books Act Division 650.00 004.6 INT EN-129134 1 650.00 English Books

© Delhi Public Library
Hit Counter
free hit counter